00349pab a2200133 454500008004000000100002700040245003800067260000900105300001300114362001000127650003300137650001100170773003400181180718b2013 xxu||||| |||| 00| 0 eng d aBandyapadhyay, Jayanta aHuman footprint on the Devabhoomi c2013 ap.19-20. a3 Aug aFloods - India - Uttarakhand aFloods aEconomic and Political Weekly